000 00447cam a2200145 4500500
005 20251228053936.0
041 _afre
042 _adc
100 1 0 _aSamama, Guy
_eauthor
245 0 0 _aÀ la recherche d’une identité
260 _c2020.
500 _a37
786 0 _nCommentaire | uméro 172 | 4 | 2020-11-30 | p. 895-898 | 0180-8214
856 4 1 _uhttps://shs.cairn.info/revue-commentaire-2020-4-page-895?lang=fr&redirect-ssocas=7080
999 _c1585892
_d1585892